ბათუმის შოთა რუსთაველის სახელმწიფო უნივერსიტეტის ბიბლიოთეკა

Alter Ego. (ბიბ.ჩანაწერი № 45735)

000 -LEADER
fixed length control field 00759nam a2200229Ia 4500
001 - CONTROL NUMBER
control field 12562
003 - CONTROL NUMBER IDENTIFIER
control field GE_BSU
005 - DATE AND TIME OF LATEST TRANSACTION
control field 20230928164049.0
008 - FIXED-LENGTH DATA ELEMENTS--GENERAL INFORMATION
fixed length control field 181216s2008fe xx |||||||||||||| ||fre||
040 ## - CATALOGING SOURCE
Transcribing agency GE_BSU
080 ## - UNIVERSAL DECIMAL CLASSIFICATION NUMBER
Universal Decimal Classification number 811.133.1 A-44
100 ## - MAIN ENTRY--PERSONAL NAME
Personal name Dollez, Catherine.
9 (RLIN) 17179
245 ## - TITLE STATEMENT
Title Alter Ego.
Remainder of title Methode de Frangais. B2 : Guide pedagogique /
Statement of responsibility, etc. Catherine Dollez, Ivana Vasilevi, Anne Berthed, Judith Humery,
264 ## - PRODUCTION, PUBLICATION, DISTRIBUTION, MANUFACTURE, AND COPYRIGHT NOTICE
Place of production, publication, distribution, manufacture Paris :
Name of producer, publisher, distributor, manufacturer Hachette,
Date of production, publication, distribution, manufacture, or copyright notice 2008.
300 ## - PHYSICAL DESCRIPTION
Extent 190 p.:
Other physical details 29 cm.
653 ## - INDEX TERM--UNCONTROLLED
keyword Alter Ego. Methode de Frangais
653 ## - INDEX TERM--UNCONTROLLED
keyword ფრანგული ენა : გრამატიკა
700 ## - ADDED ENTRY--PERSONAL NAME
Personal name Vasilevi, Ivana.
9 (RLIN) 19959
700 ## - ADDED ENTRY--PERSONAL NAME
Personal name Berthed, Anne
9 (RLIN) 19960
700 ## - ADDED ENTRY--PERSONAL NAME
Personal name Humery, Judith
9 (RLIN) 19953
942 ## - ADDED ENTRY ELEMENTS (KOHA)
Koha item type წიგნი
Source of classification or shelving scheme
ეგზემპლარები
Withdrawn status Lost status Source of classification or shelving scheme Damaged status Not for loan Permanent Location Current Location Shelving location Date acquired Cost, normal purchase price Full call number Barcode Date last seen Copy number Price effective from Koha item type Public note
          ბათუმის შოთა რუსთაველის სახელმწიფო უნივერსიტეტის მთავარი ბიბლიოთეკა ბათუმის შოთა რუსთაველის სახელმწიფო უნივერსიტეტის მთავარი ბიბლიოთეკა წიგნსაცავი 2018-12-17 74.00 811.133.1 A-44 36308 2018-12-17 36308 2018-12-17 წიგნი 74.00
          ბათუმის შოთა რუსთაველის სახელმწიფო უნივერსიტეტის მთავარი ბიბლიოთეკა ბათუმის შოთა რუსთაველის სახელმწიფო უნივერსიტეტის მთავარი ბიბლიოთეკა წიგნსაცავი 2018-12-17 74.00 811.133.1 A-44 36309 2018-12-17 36309 2018-12-17 წიგნი 74.00
          ბათუმის შოთა რუსთაველის სახელმწიფო უნივერსიტეტის მთავარი ბიბლიოთეკა ბათუმის შოთა რუსთაველის სახელმწიფო უნივერსიტეტის მთავარი ბიბლიოთეკა წიგნსაცავი 2018-12-17 74.00 811.133.1 A-44 36310 2018-12-17 36310 2018-12-17 წიგნი 74.00
          ბათუმის შოთა რუსთაველის სახელმწიფო უნივერსიტეტის მთავარი ბიბლიოთეკა ბათუმის შოთა რუსთაველის სახელმწიფო უნივერსიტეტის მთავარი ბიბლიოთეკა წიგნსაცავი 2018-12-17 74.00 811.133.1 A-44 36311 2018-12-17 36311 2018-12-17 წიგნი 74.00
          ბათუმის შოთა რუსთაველის სახელმწიფო უნივერსიტეტის მთავარი ბიბლიოთეკა ბათუმის შოთა რუსთაველის სახელმწიფო უნივერსიტეტის მთავარი ბიბლიოთეკა წიგნსაცავი 2018-12-17 74.00 811.133.1 A-44 36312 2018-12-17 36312 2018-12-17 წიგნი 74.00